Welcome to the Holygrace Academy Library

Please use search bar below to get started

SHAKUNTALA (Record no. 3842)

MARC details
000 -LEADER
fixed length control field 00340nam a22001337a 4500
020 ## - INTERNATIONAL STANDARD BOOK NUMBER
ISBN 978-81-8477-697-3
082 ## - DEWEY DECIMAL CLASSIFICATION NUMBER
Classification number 823
Item number RAO/S
100 ## - MAIN ENTRY--AUTHOR NAME
Personal name RAO, ADITHI
245 ## - TITLE STATEMENT
Title SHAKUNTALA
Remainder of title AND OTHER TIMELESS TALES FROM ANCIENT INDIA
260 ## - PUBLICATION, DISTRIBUTION, ETC. (IMPRINT)
Place of publication GURGAON
Name of publisher SCHOLASTIC INDIA
Year of publication 2017
300 ## - PHYSICAL DESCRIPTION
Number of Pages 172
650 ## - SUBJECT ADDED ENTRY--TOPICAL TERM
Topical Term ANCIENT STORIES
Geographic subdivision INDIA
942 ## - ADDED ENTRY ELEMENTS (KOHA)
Koha item type Books
Holdings
Withdrawn status Lost status Collection code Home library Current library Shelving location Date acquired Source of acquisition Cost, normal purchase price Full call number Accession Number Koha item type
    Fiction Main Library Main Library SHELF-14-K- ALPHABETICAL- R --ENGLISH NOVELS & FICTIONS 25/10/2017 purchase 150.00 823 RAO/S 10093 Books